BIBLIOTECA PODER JUDICIAL
Portal Judicial TDF

Sobre la reparación de los daños en el ámbito del derecho de las familias y, en especial, los generados en contexto de violencia familiar, doméstica o de género / (Registro nro. 6051)

000 -LEADER
fixed length control field 01567nab a22002537a 4500
003 - CONTROL NUMBER IDENTIFIER
control field OSt
005 - DATE AND TIME OF LATEST TRANSACTION
control field 20260120232201.0
008 - FIXED-LENGTH DATA ELEMENTS--GENERAL INFORMATION
fixed length control field 190514b xxu||||| |||| 00| 0 spa d
040 ## - CATALOGING SOURCE
Transcribing agency PJ
100 ## - MAIN ENTRY--PERSONAL NAME
9 (RLIN) 6838
Personal name Carbonari, Aldana V.
245 10 - TITLE STATEMENT
Title Sobre la reparación de los daños en el ámbito del derecho de las familias y, en especial, los generados en contexto de violencia familiar, doméstica o de género /
Statement of responsibility, etc Aldana V. Carbonari.
300 ## - PHYSICAL DESCRIPTION
Extent p. 36-44
500 ## - GENERAL NOTE
General note Cita: TR LALEY AR/DOC/252/2024.
505 ## - FORMATTED CONTENTS NOTE
Formatted contents note Sumario: I. Base fáctica y jurídica del fallo.— II. La responsabilidad civil en el ámbito de las relaciones de familia.— III. La reparación de los daños generados en contexto de violencia familiar, doméstica o de género.— IV. Respecto de la valoración de la prueba en los procesos civiles caracterizados por violencia de género. Especial referencia a las declaraciones testimoniales en este tipo de procesos.— V. Reflexiones finales.
505 ## - FORMATTED CONTENTS NOTE
Title Fallo comentado: CCiv. y Com., Necochea ~ 11/07/2023 ~ I., M. A. c. F., G. F. s/ daños y perjuicios extracontractual (excl. autom./Estado).
650 #0 - SUBJECT ADDED ENTRY--TOPICAL TERM
9 (RLIN) 967
Topical term or geographic name as entry element DERECHO DE FAMILIA
650 #0 - SUBJECT ADDED ENTRY--TOPICAL TERM
9 (RLIN) 2823
Topical term or geographic name as entry element DAÑOS Y PERJUICIOS
650 #0 - SUBJECT ADDED ENTRY--TOPICAL TERM
9 (RLIN) 4077
Topical term or geographic name as entry element REPARACION INTEGRAL
650 #0 - SUBJECT ADDED ENTRY--TOPICAL TERM
9 (RLIN) 1134
Topical term or geographic name as entry element VIOLENCIA FAMILIAR
650 #0 - SUBJECT ADDED ENTRY--TOPICAL TERM
9 (RLIN) 3053
Topical term or geographic name as entry element VIOLENCIA DE GÉNERO
650 #0 - SUBJECT ADDED ENTRY--TOPICAL TERM
9 (RLIN) 1057
Topical term or geographic name as entry element JURISPRUDENCIA APLICABLE
773 0# - HOST ITEM ENTRY
Host Biblionumber 2844
Host Itemnumber 3222
Place, publisher, and date of publication Buenos Aires : AbeledoPerrot, 1989-
Title Derecho de familia. Revista Interdisciplinaria de doctrina y jurisprudencia. Abril 2024-II.
International Standard Book Number 18511201
942 ## - ADDED ENTRY ELEMENTS (KOHA)
Source of classification or shelving scheme
Koha item type Analítica Artículo de Revista

No hay ítems disponibles.

12 de Octubre 789 Ushuaia - Tel:  54(02901)441571
Horario de Atención: 8.00 a 17.00 hs. 
bibliotecaush@justierradelfuego.gov.ar
koha@justierradelfuego.gov.ar
Seguinos en nuestras redes @bibliojustdf 

Con tecnología Koha